• 首页
  • 本馆介绍
  • 公告通知
  • 最新文献
  • 馆藏检索
  • 电子资源
  • 读者荐购
  • 参考咨询
  • CALIS
  • 我的图书馆
  • 登录
  • 详细信息显示
  • 放入我的书架
  • 预约/预借图书
  • 作者相关作品
  • 分类相关作品
  • 丛书相关作品
  • 出版社相关作品

书目信息

  • 表格格式
  • 工作单格式
  • 卡片格式
题名:
小巫女的恋爱魔法
    
 
作者: 关关 著
分册:  
出版信息: 长春   北方妇女儿童出版社  2003.01
页数: 211页
开本: 20cm
丛书名:
单 册:
中图分类: I247.5
科图分类:
主题词: 小说--中国
电子资源:
ISBN: 7-5385-2145-3
 
 
 
 
 
000 00536nam0 2200193 450
001 0733943059
005 20070328092728.29
010    @a7-5385-2145-3@dCNY18.80
100    @a20070328d2003 km y0chiy0120 ea
101 0  @achi
102    @aCN@b220000
200 1  @a小巫女的恋爱魔法@Axiao wu nu de lian ai mo fa@f关关著@Fguan guan zhu
210    @a长春@c北方妇女儿童出版社@d2003.01
215    @a211页@d20cm
606 0  @a小说@x中国
690    @aI247.5@v3
701  0 @a关关@Aguan guan@4著
801  0 @aCN@c20070328
905    @a10447@dI247.5@eG545
    
    小巫女的恋爱魔法/关关著.-长春:北方妇女儿童出版社,2003.01
    211页;20cm
    
    
    ISBN 7-5385-2145-3:CNY18.80
    
●
相关链接 在E读中查询图书 在当当中查询图书 在豆瓣中查询图书


正题名:小巫女的恋爱魔法     索取号:I247.5/G545         预约/预借

序号 登录号 条形码 馆藏地/架位号 状态 备注
1 447604   204476049   文学库108/108文学库 28排2列4层/ [索取号:I247.5/G545] 在馆    
2 447605   204476058   文学库108/ [索取号:I247.5/G545] 在馆    
3 447606   204476067   文学库108/108文学库 28排2列4层/ [索取号:I247.5/G545] 在馆    
河南城建学院图书馆 欢迎您!
大连网信软件有限公司© 版权所有